Malcolm X
Ο σκηνοθέτης Spike Lee σκιαγραφεί το πορτραίτο του Malcolm X, ενός από τους πιο χαρισματικούς πολιτικούς ηγέτες της Αμερικανικής ιστορίας, που ξεκίνησε σαν μικροκακοποιός στο Χάρλεμ, ασπάσθηκε τον Ισλαμισμό στην φυλακή κι έγινε μία από τις κορυφαίες μορφές του εθνικιστικού αφρο-αμερικανικού κινήματο...
Αποθηκεύτηκε σε:
| Άλλοι συγγραφείς: | , , |
|---|---|
| Μορφή: | |
| Γλώσσα: | English Greek |
| Δημοσίευση: |
Αθήνα :
Videosinic,
c1992.
|
| Θέματα: | |
| Ετικέτες: |
Προσθήκη ετικέτας
Δεν υπάρχουν, Καταχωρήστε ετικέτα πρώτοι!
|
MARC
| LEADER | 00000cgm a2200000 i 4500 | ||
|---|---|---|---|
| 001 | 1/2401 | ||
| 008 | 091209s1992 gr ||| | || ||eng|| | ||
| 035 | |l 10105982 | ||
| 040 | |a GR-MyUa |b gre |e AACR2 | ||
| 041 | 0 | |a eng |j gre | |
| 082 | 7 | |a 791.437 |2 (22) | |
| 245 | 0 | 0 | |a Malcolm X |h [μαγνητοσκόπηση] / |c directed by Spike Lee. |
| 260 | |a Αθήνα : |b Videosinic, |c c1992. | ||
| 300 | |a 1 βιντεοδίσκος (194 λεπτ.) : |b ομίλ., έγχρ. ; |c 4 3/4 ίν. | ||
| 500 | |a Κυκλοφόρησε πρώτη φορά ως κινηματογραφική ταινία το 1992. | ||
| 508 | |a Μοντάζ, Barry Alexander Brown ; σχεδιασμός παραγωγής, Wynn Thomas ; φωτογραφία, Ernest Dickerson ; μουσική, Terence Blanchard ; σενάριο, Arnold Perl και Spike Lee ; βασισμένο στο βιβλίο "The autobiography of Malcolm X" όπως ειπώθηκε στον Alex Haley ; παραγωγή, Marvin Worth και Spike Lee. | ||
| 511 | 0 | |a Denzel Washington, Angela Bassett, Albert Hall, Al Freeman Jr., Delroy Lindo, Spike Lee. | |
| 520 | 8 | |a Ο σκηνοθέτης Spike Lee σκιαγραφεί το πορτραίτο του Malcolm X, ενός από τους πιο χαρισματικούς πολιτικούς ηγέτες της Αμερικανικής ιστορίας, που ξεκίνησε σαν μικροκακοποιός στο Χάρλεμ, ασπάσθηκε τον Ισλαμισμό στην φυλακή κι έγινε μία από τις κορυφαίες μορφές του εθνικιστικού αφρο-αμερικανικού κινήματος στις δεκαετίες '50 & '60. | |
| 546 | |a Στα αγγλικά με υπότιτλους στα ελληνικά. | ||
| 600 | 1 | 0 | |a X, Malcolm, |d 1925-1965 |v Drama. |
| 655 | 7 | |a Feature films |2 lcgft | |
| 700 | 1 | |a Lee, Spike, |e drt | |
| 700 | 1 | |a Washington, Denzel, |d 1954- |e act | |
| 700 | 1 | |a Bassett, Angela, |e act | |
| 852 | |a INST |b SYROS |c AV |e 20091209 |h 791.437 LEE |p 005500007990 |q 005500007990 |t DVD |y 23 | ||
| 901 | |a BIBL5-2008-1 | ||
| 922 | |a 5ΕΛΗ |b 200709 |c Βιβλιοθήκη Σύρου |d Anaco | ||
| 970 | |a Κοντού |b Παρασκευή |z 09/12/2009 | ||